[Event "EU-ch 19th"]
[Site "Batumi"]
[Date "2018.03.27"]
[Round "10"]
[White "Parligras, Mircea Emilian"]
[Black "Sanikidze, Tornike"]
[Result "1-0"]
[WhiteElo "2642"]
[BlackElo "2501"]
[Annotator "Meulders,R"]
[PlyCount "129"]
[EventDate "2018.03.17"]
[EventType "swiss"]
[EventRounds "11"]
[EventCountry "GEO"]
[SourceTitle "CBM 184"]
[Source "ChessBase"]
[SourceDate "2018.05.16"]
[SourceVersion "1"]
[SourceVersionDate "2018.05.16"]
[SourceQuality "1"]

1. d4 f5 2. Nc3 {An excellent choice for someone who wants to steer clear of
the complex Leningrad and Stonewall lines, without venturing into the sharp
Staunton Gambit or even more risky lines. White's intention is to play e4 the
next move, unless Black immediately limits his options with ...d5 or plays ...
Nf6, allowing Bg5.} d5 3. Bf4 {The main alternative to the most played move 3.
Bg5.} a6 {A careless move like 3...Nc6?? allows the highly unpleasant 4.Nb5,
forcing ...e5.} 4. e3 Nf6 5. Nf3 e6 6. Bd3 c5 (6... Bd6 7. Ne2 O-O 8. O-O b5 9.
a4 b4 10. c4 bxc3 11. bxc3 Nc6 12. c4 Nb4 13. c5 Be7 14. Ne5 Nd7 15. Rb1 a5 16.
Rxb4 Nxe5 17. Rb2 Nxd3 18. Qxd3 Ba6 19. Qd2 Qd7 20. Rfb1 Qxa4 21. Bxc7 Qd7 22.
Be5 a4 23. Rb6 a3 24. Nc3 Bc4 25. Rb7 Qe8 26. f4 Ba6 27. Rc7 $2 (27. R7b6 Bh4
28. Bd6 Be7 29. Bxe7 Qxe7 30. Ra1 Bc4 31. Nb5 $14) 27... Rf7 28. Ra1 Bc4 $11 {
/=/+} 29. Qc1 a2 30. Qb2 Bf6 31. Rxf7 Kxf7 32. Bxf6 Kxf6 33. h3 Qb8 34. Qf2 Qb3
35. Qd2 Qb4 36. Ne4+ {1-0 (36) Bortnyk,O (2581)-Bartel,M (2641) Tallinn 2016})
7. dxc5 (7. O-O Nc6 (7... c4 8. Be2 Nbd7 9. Ng5 Nb6 10. a4 Bd7 11. a5 Nc8 12.
Na4 $6 Qxa5 13. b3 cxb3 14. Nc5 Qb6 15. Nxd7 Nxd7 16. c4 Be7 17. Rb1 Bxg5 18.
Rxb3 $4 (18. Bxg5 $14) 18... Qd8 $19 {0-1 (54) Volkov,S (2617)-Hungaski,R 
(2488) chess.com INT 2017}) 8. Ne5 Bd6 9. Nxc6 bxc6 10. Bxd6 Qxd6 11. Na4 Nd7
12. c4 (12. Qh5+ g6 13. Qh6 c4 14. Be2 Kf7 15. b3 $14) 12... O-O 13. Rc1 cxd4
14. exd4 e5 15. dxe5 Nxe5 16. f4 $6 (16. cxd5 $14) 16... Nxd3 17. Qxd3 Qb4 18.
b3 Be6 $11 19. c5 d4 $6 20. Rfe1 $6 (20. Rfd1 $14) 20... Rae8 $11 {0-1 (36)
Eljanov,P (2717)-Piorun,K (2609) Berlin 2015}) 7... Bxc5 8. Ne2 Nc6 9. O-O O-O
(9... Nb4 $6 10. a3 Nxd3 11. cxd3 Bd7 12. Rc1 Rc8 13. Qd2 $14 O-O 14. Rxc5 Rxc5
15. Bd6 $14 {1/2-1/2 (37) Akobian,V (2643)-Kamsky,G (2713) Saint Louis 2014}) (
9... Qe7 10. Ned4 Bd6 11. Bxd6 Qxd6 12. c4 Bd7 13. Rc1 O-O 14. cxd5 Nxd5 15.
Nxc6 Bxc6 $11 {1/2-1/2 (37) Livaic,L (2446)-Azarov,S (2585) Budapest 2017}) 10.
c4 Qe7 (10... Nb4 11. Nc3 Nxd3 (11... b6 12. cxd5 Nbxd5 13. Nxd5 Nxd5 14. Bg5
Qe8 15. e4 Nb4 16. exf5 $2 (16. Bb1 $1 $14) 16... Nxd3 17. Qxd3 Rxf5 $15 {
0-1 (64) Ringoir,T (2506)-Sandipan,C (2594) Dubai 2014}) 12. Qxd3 dxc4 13. Qxc4
Qe7 14. Rac1 Bd7 15. Ne5 b5 16. Qb3 Rfc8 17. Nxd7 Qxd7 18. Rfd1 Qf7 19. a4 b4
20. Ne2 a5 21. h3 $14 {0-1 (49) Gelfand,B (2761)-Nakamura,H (2776) Zuerich 2014
}) 11. Ned4 (11. cxd5 Nxd5 12. Bg5 Nf6 13. Rc1 Ba7 14. Ned4 Nxd4 15. exd4 Qd6
16. Qb3 Nd5 17. Rfe1 b5 18. a4 bxa4 19. Qxa4 Bb7 20. Qa3 Qd7 21. Bd2 Rfe8 22.
Ne5 Qe7 23. Nc6 Qxa3 24. bxa3 Bb6 25. Na5 $14 Bxa5 {1/2-1/2 (25) Lalic,B (2469)
-Reinderman,D (2617) Utrecht 2011}) 11... Bd7 $6 {It's 'logical' to develop
another piece but White now has a tactical trick, the consequences of which
are impossible to assess correctly over the board.} (11... Nb4 12. Be2 Bd7 $6 (
12... Bxd4 $1 13. exd4 $8 dxc4 14. Bxc4 b5 15. Bb3 Nbd5 $11) 13. a3 Nc6 14. b4
Ba7 15. c5 $14 {1-0 (48) Bortnyk,O (2533)-Piorun,K (2517) Krakow 2015}) 12.
cxd5 (12. a3 Bd6 13. Bg3 Bxg3 14. hxg3 Kh8 15. cxd5 Nxd5 16. e4 (16. Bc4 Nb6
17. Ba2 e5 18. Nxc6 Bxc6 19. Rc1 Rad8 20. Qb3 $11) 16... Nxd4 $11 {1/2-1/2 (28)
Gareyev,T (2640)-Gorovets,A (2474) Arlington 2014}) (12. Rc1 {only works if
Black doesn't react alertly.} Bxd4 (12... Rac8 $2 13. cxd5 Nxd5 14. Nxf5 $1
exf5 15. Bc4 Kh8 16. Bxd5 $16 {1-0 (35) Beim,V (2555)-Renner,C (2414) Bad
Wiessee 2002}) (12... Nb4 13. Bb1 dxc4 14. Rxc4 Nbd5 15. Bg3 Rac8 $11) 13. exd4
Nb4 14. Be2 (14. c5 $5 Nxd3 15. Bd6 $1 Qf7 16. Qxd3 Bb5 17. Qb3 Bxf1 18. Rxf1
Rfc8 19. Ne5 Qe8 20. Qxb7 $11) 14... Nxa2 15. Ra1 Nb4 16. c5 Ne4 17. Ne5 Bb5
18. f3 Bxe2 19. Qxe2 Nf6 20. Nd3 Nxd3 21. Bd6 Nf4 22. Qd2 Qf7 23. Bxf8 Nh3+ 24.
gxh3 Rxf8 25. Rae1 $11 {1-0 (50) Malakhatko,V (2548)-Rotstein,A (2529)
Latschach 2011}) 12... Nxd5 13. Nxf5 $5 {As in an older game Beim-Renner.} Rxf5
(13... exf5 14. Bc4 $14) 14. Bxf5 Nxf4 $8 15. exf4 $6 (15. Bxh7+ $1 Kxh7 16.
exf4 g6 17. Rc1 Bd6 18. Qd2 Rd8 19. Rfd1 Be8 20. Qe3 $14) 15... exf5 16. Re1
Be6 $8 17. Ng5 Rd8 18. Qc1 Nd4 19. Rxe6 $5 (19. Re5 Rc8 $1 20. Qe1 Nc2 21. Qb1
Nxa1 22. Rxe6 Qd7 23. Re2 Bd6 24. g3 Bb4 25. Nf3 (25. Qxa1 $2 Bd2 $19) 25...
Qb5 26. Re5 Qc6 $15) (19. Nxe6 $1 Nxe6 20. Qc4 Kf7 21. Rxe6 Bxf2+ 22. Kxf2 Qxe6
23. Qxe6+ Kxe6 24. Ke3 Rc8 25. Re1 $11) 19... Nxe6 20. Qc4 Bxf2+ 21. Kf1 (21.
Kxf2 Qc5+ 22. Qxc5 Nxc5 $11) 21... Rd6 (21... Rd4 $1 22. Qb3 Rb4 23. Qd5 Rb5
24. Qc4 Rc5 25. Qb3 b5 26. Nxe6 Rc4 27. Kxf2 Qxe6 28. g3 Qb6+ 29. Kg2 Kh8 $11)
22. Kxf2 h6 23. Nf3 b5 24. Qb3 Qa7+ (24... Kh7 $11) 25. Qe3 Qxe3+ 26. Kxe3 Rc6
27. Rd1 Rc4 28. g3 g5 $2 {After this terribly over-optimistic move Black
suddenly finds himself in a much inferior position.} (28... Re4+ 29. Kf2 Ra4
30. a3 b4 31. Nd4 Nc5 $11) 29. fxg5 $16 hxg5 30. Rd6 f4+ 31. Kd2 g4 32. Ne5
fxg3 $2 (32... Re4 $1 {was the only try to pose some problems for White in
converting the win.} 33. Rxe6 f3 34. b4 Kg7 35. Kd3 f2 36. Rg6+ Kh7 37. Rf6
Rxe5 38. Rxf2 $16) 33. hxg3 $18 Rd4+ 34. Rxd4 Nxd4 35. Ke3 Nc2+ 36. Ke4 Kg7 37.
Nxg4 a5 38. Ne3 Nb4 39. a3 Na2 40. Kd4 Nc1 41. Nf5+ Kf6 42. Nd6 b4 43. a4 Ne2+
44. Kc4 Nxg3 45. Nb7 Ke6 46. Nxa5 Kd6 47. Kxb4 Ne4 48. Kb5 Kc7 49. Nc4 Kb7 50.
a5 Ka7 51. Kc6 Ka6 52. b4 Nc3 53. Nd6 Nb5 {This stalemate trick proves that
even within the jaws of defeat, Black does not lose his sense of humour.} 54.
Kc5 Nc3 55. Kc4 Nd1 56. Kb3 Ne3 57. Ka4 Nd5 58. b5+ Ka7 59. Kb3 Ne3 60. Kb4 Kb8
61. b6 Nc2+ 62. Kc5 Ne1 63. a6 Nd3+ 64. Kb5 Ka8 65. Ne8 1-0

[Event "Mondariz zt 1.1"]
[Site "Mondariz"]
[Date "2000.09.14"]
[Round "11"]
[White "Claesen, Pieter"]
[Black "Conquest, Stuart"]
[Result "0-1"]
[WhiteElo "2416"]
[BlackElo "2529"]
[Annotator "Meulders,R"]
[PlyCount "50"]
[EventDate "2000.09.03"]
[EventType "swiss"]
[EventRounds "11"]
[EventCountry "ESP"]
[SourceTitle "CBM 079"]
[Source "ChessBase"]
[SourceDate "2000.11.21"]
[SourceVersion "1"]
[SourceVersionDate "2000.11.21"]
[SourceQuality "1"]

1. d4 f5 2. Bg5 c6 (2... g6 3. Nd2 (3. Nc3 d5 (3... Nh6 4. e4 Nf7 5. h4 fxe4 6.
Nxe4 d5 7. Nc3 Bg7 8. Nf3 Bg4 9. Be2 Nc6 10. Be3 Qd7 11. Ng5 Bxe2 12. Nxe2 Nxg5
$2 13. hxg5 O-O-O $6 14. Qd2 $2 e5 15. O-O-O Kb8 16. c3 Na5 17. b3 Nc6 $11 {
0-1 Miles,T-Meulders,R/Olivetti Europchess 15 min 1986 (50)}) 4. e3 (4. h4 Nh6
5. Qd2 Nf7 6. h5 h6 7. hxg6 Nxg5 8. Qxg5 hxg5 9. Rxh8 Kd7 10. g7 Bxg7 11. Rxd8+
Kxd8 12. Nxd5 Be6 13. Nc3 Nd7 14. O-O-O c5 15. e3 cxd4 16. exd4 Rc8 17. Bd3 Nb6
18. Nge2 Nc4 19. b3 Nd6 $14 {0-1 P.Long(Malaysia)-R.Meulders/Dubai 1986 (52)})
4... Nh6 (4... c6 5. h4 Bg7 6. h5 h6 7. Bf4 g5 8. Be5 Bxe5 9. dxe5 Nd7 10. f4
g4 $11 {Bronstein-Menvielle, LP 1972}) 5. h4 (5. Bd3 Nf7 6. Bf4 (6. Bh4 Bg7 7.
Nge2 (7. Nf3) 7... O-O 8. h3 Qd7 9. g4 fxg4 10. hxg4 e5 11. dxe5 Nxe5 12. Nf4
c6 13. g5 Na6 (13... Nxd3+ 14. Qxd3 Qf5) 14. Be2 Nc7 15. Qd2 b5 (15... Ne6 $5)
16. Bg3 Nc4 17. Bxc4 bxc4 18. O-O-O Ne6 19. Nxe6 Qxe6 $15 {0-1
Schneider-Zinner,W-Meulders,R/Oberwart open 1980 (56)}) 6... Bg7 7. Qf3 Be6 8.
Nh3 c6 9. Qg3 Nd7 10. Bc7 Qc8 11. Na4 b5 12. Nf4 Nf8 13. Nc5 Bd7 14. Ba5 Bf6
15. Bxb5 cxb5 (15... g5 $19) 16. Nxd5 Ne6 17. Nxe6 Bxe6 18. Nc7+ Kf8 19. O-O
Kg7 (19... Rb8 $4 20. Nxe6+) 20. Nxa8 Qxa8 21. Bb4 h5 $15 {0-1 Pergericht,
D-Meulders,R Belgische Meisterschaft 1981 (45)}) (5. Bxh6 Bxh6 6. f4 Be6 7. Nf3
Nd7 8. g3 Bg7 9. Bg2 c6 10. O-O Nf6 11. Ne2 Qd6 12. Nc1 Ne4 13. Nd3 b6 14. c3 (
14. Nde5) 14... O-O 15. Nf2 c5 16. Nxe4 dxe4 17. Nd2 (17. Ne5) 17... Rfc8 $15 {
0-1 Maes,V-Meulders,R, Antwerpen 1980 (42)}) (5. Nf3) 5... Nf7 6. Bf4 c6 7. Nf3
Bg7 8. h5 Nd7 9. Bd3 e5 10. dxe5 Ndxe5 11. hxg6 hxg6 12. Rxh8+ Bxh8 13. Nxe5
Nxe5 14. Be2 Be6 15. Qd2 b5 16. O-O-O Qa5 17. Rh1 Nf7 18. Nb1 Qxd2+ 19. Nxd2
Ke7 20. Nb3 $14 {1/2-1/2 Meulders,R-Fayard,A Tresserve 1981(34)}) 3... Nh6 4.
e4 (4. Ngf3 Nf7 5. Bf4 Bg7 6. e4 fxe4 7. Nxe4 d5 (7... Nc6 8. Bb5 O-O 9. Bxc6
bxc6 10. Qd2 Rb8 11. c3 Rb5 12. O-O Rf5 13. Ng3 Rb5 14. Rfe1 c5 15. Qe2 Ba6 16.
dxc5 $16 {1-0 Miles,A-McDonald,N/Hove 1997/EXT 99 (30)}) 8. Ng3 Nc6 9. Be2 O-O
10. Qd2 e5 11. dxe5 Ncxe5 12. O-O-O Nxf3 13. Bxf3 Qf6 14. c3 c6 15. Rhe1 b5 16.
Kb1 $11 {1-0 Dearing,E-Wall,G/ENG-chT9697 1997/EXT 99 (34)}) (4. e3 Nf7 5. Bh4
Bg7 6. f4 O-O 7. Ngf3 Qe8 8. c3 d6 9. Bc4 e6 10. O-O Nd7 11. Bb3 Kh8 12. e4
fxe4 13. Nxe4 d5 14. Nf2 Nd6 15. Nd3 Nf6 16. Bxf6 Bxf6 17. Qe2 Qe7 18. Rae1 Re8
19. Nde5 $16 {1-0 Bakic,R-Pantos,N/Ulcinj 1998/EXT 99 (41)}) 4... fxe4 (4...
Nf7 5. Be3 fxe4 6. Nxe4 d5 7. Ng5 Nxg5 8. Bxg5 Bg7 9. Nf3 O-O 10. Be2 Qd6 11.
O-O Nc6 12. Qd2 e5 13. c3 exd4 14. Nxd4 Nxd4 15. cxd4 Qb6 16. Be3 Bf5 17. b4 {
1/2-1/2 Bakic,R-Kontic,D/Kladovo 1992/EXT 97 (17)}) 5. Nxe4 d5 6. Nc5 (6. Ng3
Bg7 7. Nf3 Nc6 8. Qd2 Nf7 9. Bf4 Bg4 10. Ne5 Ncxe5 11. dxe5 Qd7 12. h3 Be6 13.
O-O-O O-O-O 14. Qd4 b6 15. Ne2 c5 16. Qc3 Qc7 17. Re1 d4 18. Qf3 Kb8 19. Bh2
Bh6+ 20. Kb1 Ng5 $15 {0-1 Eng,H-Borngaesser,R/Brilon 1986/EXT 97 (45)}) 6...
Nf7 7. Bh4 b6 (7... Bg7 8. Nf3 b6 9. Nd3 Nc6 10. c3 O-O 11. Be2 Bf5 12. O-O Qd6
13. Bg3 e5 14. Re1 Rae8 15. Ndxe5 Ncxe5 16. Nxe5 Nxe5 17. Bb5 Re6 18. dxe5 Rxe5
19. Bxe5 $18 {1-0 Burkart,P-Polster,W/Germany 1997/EXT 99 (39)}) 8. Nb3 Bg7 9.
Nf3 O-O 10. Be2 a5 $1 11. a4 Nc6 12. O-O Nd6 $1 {/\...Nf5} 13. c3 Nf5 14. Bg5
h6 15. Bf4 g5 16. Bg3 Nxg3 17. hxg3 Qd6 $11 {/\...e5} 18. Nbd2 Bf5 19. Re1 e5
$15 20. dxe5 Nxe5 21. Nxe5 Bxe5 22. Bg4 Bg7 23. Qf3 (23. Bxf5 Rxf5 24. Qg4 Raf8
25. Nf3 c5 $15) 23... Qd7 24. Bxf5 Rxf5 25. Re7 $5 Qxe7 26. Qxf5 Rd8 (26... Qf7
$1 $15) 27. Nf3 Qe4 28. Qh3 $5 (28. Qxe4 dxe4 29. Nh2 Rd2 $15) (28. g4 Qxf5 29.
gxf5 g4 30. Nh2 h5 $15) 28... Rf8 $6 (28... Qg6 29. Qg4) (28... g4 $1 29. Qh4
Rf8 30. Nh2 Qf5 31. Rf1 h5 32. Qe7 $8 Be5 33. f4 Bd6 $15) 29. Re1 Qc2 30. Qe6+
Kh8 31. Re2 Qd1+ $11 32. Re1 Qc2 33. Re2 Qd1+ 34. Kh2 Rf6 35. Qe8+ Rf8 36. Qe7
Rf7 $1 37. Qd8+ Kh7 38. Rd2 Qxa4 39. Qxd5 Qe8 40. Qd3+ Kh8 41. Re2 $11 {
1/2-1/2 Eliet,N-Meulders,R/2de K.G.S.R.L. Meisterturnier 1999 (41)}) 3. c4 g6
4. e3 (4. Nc3 Bg7 (4... Nh6 5. h3 Nf7 6. Bf4 Bg7 7. e3 d6 8. Nf3 O-O 9. Be2 Qb6
10. Qd2 e5 11. c5 Qa5 12. dxe5 dxe5 13. Bh2 Qxc5 $15 {0-1 Novoa Quintas,
S-Garbisu,U/Mondariz 1997/EXT 99 (31)}) 5. e4 (5. e3 d6 6. Qd2 Nf6 7. h4 Nbd7
8. d5 Nc5 9. f3 Qa5 10. Rb1 Qb4 11. a3 Qb3 12. Nge2 e5 13. dxe6 Nxe6 14. Qxd6
Qxc4 15. Nd4 Qc5 16. Qxc5 Nxc5 17. Bc4 Nfd7 {1/2-1/2 Anguix Garrido,J-De la
Riva Aguado,O/Canete 1994/EXT 97 (17)}) (5. Nf3 d6 6. e4 Nf6 7. Bd3 fxe4 8.
Nxe4 Nxe4 9. Bxe4 Qa5+ 10. Qd2 Qxd2+ 11. Kxd2 Nd7 12. Rae1 Nf6 13. Bc2 Bf5 14.
Re2 Kd7 15. Rhe1 $14 {1-0 Likavsky,T-Ruckschloss,K/SVK-chT 1995/EXT 97 (49)})
5... fxe4 6. Nxe4 d5 7. Nc3 Nf6 8. Nf3 O-O 9. Be2 Be6 10. O-O Nbd7 11. cxd5
Bxd5 12. Nxd5 cxd5 13. Qb3 Qb6 14. Bb5 e6 15. Rfe1 Rac8 16. Bxd7 Nxd7 17. Qxb6
Nxb6 18. Rxe6 Rc2 $44 {0-1 Atalik,S-Pogorelov,R/Linares 1994/TD (40)}) 4... Nh6
$5 {Auch an dieser Stelle ist dieser ziemlich seltene Springerzug eine gute
Möglichkeit die Stellung kompliziert und interessant zu halten.} 5. Nc3 Nf7 6.
Bh4 Bg7 7. f4 {[%csl Re5] Sehr radikal.} (7. Nf3) 7... d6 8. Nf3 O-O 9. Qd2 Nd7
10. Bd3 Nf6 11. O-O Qb6 {[%cal Gb6g1] Es ist nicht erstaunlich dass diese
originelle Stellung nocht nicht im Meisterpraxis vorgekommen ist.Weiss hat das
befreiende ...e5 verhindern können und sollte jetzt m.E. ruhig seine etwas
bessere Stellung verstarken, also Kh1 und dann etwa Rab1 /\b4 usw. Der
folgende Aufmarsch ist übereilt und führt sofort zum Ausgleich oder
schlimmeres.} 12. e4 $6 {[%csl Rd4]} fxe4 13. Nxe4 Bg4 $1 {[%csl Rd4][%cal
Gg4f3]} 14. Nc3 $2 {Spannt eine durchsichtige Falle: in eine Variante würde
Schwarz die Dame oder eine Figur verlieren. Stattdessen hätte Weiss 'normal'
weiterspielen müssen.} (14. Nxf6+ exf6 15. Rad1 Rfe8 16. h3 Bxf3 17. Rxf3 f5
18. Bb1 $11) 14... Rae8 $2 (14... Bxf3 $1 15. Rxf3 Ng4 $1 (15... Qxd4+ $4 16.
Bf2 $18 Ne4 17. Nxe4 Qxb2 18. Qxb2 Bxb2 19. Rb1 $18) 16. Bxe7 Qxd4+ 17. Kh1
Nfe5 18. Bxf8 $2 (18. fxe5 Qxe5 19. Rg3 (19. Rh3 Nf2+ 20. Kg1 Nxh3+ 21. gxh3
Qxe7 $19) 19... Nf2+ 20. Kg1 Qxe7 21. Bc2 Be5 $19) 18... Nxf3 19. gxf3 Nf2+ 20.
Kg2 Nxd3 $19) 15. Rae1 $2 (15. Na4 $5) 15... Bxf3 $1 16. Rxf3 Ng4 {[%csl Rd4]
Tja, was nun für Weiss?} 17. h3 Qxd4+ 18. Kh1 Nge5 $1 $19 {[%csl Rh4][%cal
Ge5c4,Ge5d3,Ge5f3]} 19. Rg3 {Weiss ist völlig aus der Fassung.Viel gab es
jedoch nicht mehr zu machen.} (19. fxe5 Qxh4 20. exd6 exd6 21. Rxe8 Rxe8 $19)
19... Nxc4 20. Qc2 d5 21. Bxe7 {[%csl Re1,Re3]} Qxf4 22. Rg4 Qc7 23. Bxg6 {
Die letzten Zuckungen.} (23. Bh4 Rxe1+ 24. Bxe1 Ne3) 23... Rxe7 24. Bxh7+ Kh8
25. Ne4 Nh6 0-1

[Event "EU-ch 15th"]
[Site "Yerevan"]
[Date "2014.03.14"]
[Round "11"]
[White "Korobov, Anton"]
[Black "Esen, Baris"]
[Result "1-0"]
[WhiteElo "2719"]
[BlackElo "2563"]
[Annotator "Meulders,R"]
[PlyCount "97"]
[EventDate "2014.03.03"]
[EventType "swiss"]
[EventRounds "11"]
[EventCountry "ARM"]
[SourceTitle "CBM 160"]
[Source "ChessBase"]
[SourceDate "2014.05.15"]
[SourceVersion "1"]
[SourceVersionDate "2014.05.15"]
[SourceQuality "1"]

1. d4 d6 2. Nf3 f5 3. Nc3 Nf6 4. Bg5 g6 ({Relevant:} 4... e6 5. e4 fxe4 6. Nxe4
Be7 7. Bxf6 gxf6 8. Bd3 d5 9. Ng3 Qd6 10. O-O Nc6 11. Nh4 Bd7 12. Qh5+ Kd8 13.
c3 $14 f5 14. Rfe1 Bf6 15. Nf3 Qf8 16. Ng5 (16. Ne2 $1 Ne7 17. Nf4 Qg8 18. Ne5
Ng6 19. Nexg6 hxg6 20. Qxg6 Qxg6 21. Nxg6 Rh6 22. Ne5 $16) 16... Bxg5 17. Qxg5+
Ne7 18. Nh5 Rg8 19. Qf6 Qxf6 20. Nxf6 Rh8 21. Re3 h5 22. Rg3 Rh6 $11 {1/2-1/2 
(34)}) 5. Bxf6 exf6 6. h4 $146 (6. d5 Nd7 7. g3 Ne5 8. Bg2 Qe7 9. e3 Bd7 10.
Ne2 O-O-O 11. Nfd4 g5 12. c3 Bh6 13. O-O Rdg8 14. Qc2 f4 15. Nf5 Bxf5 16. Qxf5+
Kb8 17. exf4 gxf4 18. Nxf4 Bxf4 19. Qxf4 h5 20. Bh3 h4 21. Bf5 Rg5 22. Rae1 Qf7
23. h3 {1/2-1/2 (23) Vorobiov,E (2580)-Koziak,V (2511) Metz 2012} Qxd5 $15)
6... d5 $6 ({I think it is a mistake to allow White to open the h-file for his
rook(s). Therefore Black must stop the advance of the white h-pawn at once:} 
6... h5 $1 7. e3 (7. d5 Nd7 8. e3 a6 9. Be2 Qe7 10. Qd4 Ne5 11. Qa4+ Bd7 $11)
7... d5 8. Qd2 Be6 9. O-O-O Nc6 10. Kb1 Qd7 11. Bb5 a6 12. Ba4 b5 13. Bb3 Kf7
$11) 7. h5 Bh6 8. e3 Kf7 9. Qd2 Nc6 10. O-O-O Be6 11. Na4 Kg7 $6 {This allows
White to gain a tempo. This may seem futile, given the closed nature of the
position, but Black should not be so nonchalant. There's still nothing wrong
with his position, but he has to be slightly careful.} (11... b6 $1 12. Kb1 a5
13. g3 Qd6 14. Nc3 g5 15. Ne1 Ne7 16. f4 g4 17. Bd3 Qd7 18. Ng2 Ng8 19. Nh4 Ne7
20. Qe2 Rab8 {Black's position is passive but quite flexible, and if he does
nothing, it's hard to see White making any progress.}) 12. Nc5 Bc8 13. Nd3 a5
14. g3 a4 $2 {Black's winning space is optical; he's just weakening his dark
squares. The a4-pawn will only become a target.} 15. a3 Qd6 16. hxg6 hxg6 17.
Be2 Be6 18. Rh2 b6 19. Rdh1 g5 20. Kb1 Ne7 21. Nc1 $14 c5 $2 {Why this
activity? This looks more like suicide than attack.} (21... c6 $14) 22. Na2 c4
$2 23. Nb4 Rh7 24. Ng1 Rah8 25. f4 Kg8 (25... g4 26. Bf1 $14 Qd7 27. Ne2 Qd6
28. Nc3 Qd7 29. Rh4 Bf7 30. Bg2 Rd8 31. R1h2 Rdh8 32. Qe1 {Intending the
deadly Qh1.} Ng6 33. Nbxd5 Nxh4 34. Rxh4 b5 35. Nb4 Kg8 36. Bc6 Qd8 37. Bxb5
Bf8 38. Rxh7 Rxh7 39. Nc6 Qb6 40. d5 Qc5 41. Nd4 Bxd5 42. Nxd5 Qxd5 43. Qc3 Rc7
44. Qa5 Rc5 45. Qxa4 Kh8 46. Qa6 $18) 26. Bf3 $16 Bf8 $2 (26... g4 27. Bg2 Bf7
28. Ne2 Be6 29. Nc3 Qd7 30. Qe1 {and White will patiently build up the
pressure against the d5-pawn and along the h-file as in the previous line. At
least Black might have resisted for many more moves but now, by allowing the
exchange of rooks and giving the white queen more space, he only hastens his
own downfall.}) 27. Rxh7 Rxh7 28. Rxh7 Kxh7 29. Ne2 Nc6 30. Nxc6 Qxc6 31. Nc3
g4 32. Qh2+ Kg7 33. Bg2 {The smoke has cleared and the only thing Black has
achieved by constantly weakening his position is that now the d5-pawn is
undefendable. He's one tempo short to bring his pawn/bishop to b4 and now his
position quickly collapses.} b5 34. Qh1 {Ouch....White is just in time and
Black is just too late.} b4 35. Bxd5 $18 (35. axb4 Bxb4 36. Bxd5 $18) 35... Qa6
36. axb4 Bxb4 37. Bxe6 $18 Bxc3 38. Bxf5 Qb6 39. Qh7+ Kf8 40. Qh6+ Kf7 41. Bg6+
Ke6 42. f5+ $1 Kd6 43. Qf8+ Kc7 44. Qa3 Bb4 45. Qxa4 c3 46. Qb3 Qb5 47. bxc3
Qf1+ 48. Kb2 Bd6 49. c4 1-0